Responses for Show #2682 - Tuesday, April 9, 1996

Michael Dupée game 1.

Contestants

[<< previous game]

Michael Dupee, an attorney from Cleveland, Ohio

Ron Jin, a school librarian from San Francisco, California

Rick Blumenfeld, a research attorney from Albuquerque, New Mexico (whose 1-day cash winnings total $4,199)

[next game >>]

Jeopardy! Round responses

JAPAN
POP MUSIC
AMERICAN MUSEUMS
THE OLD TESTAMENT
GAMES
LITERARY HODGEPODGE
    $100 6
Tipping

Rick
    $100 28
Elvis Presley

Michael
    $100 12
New Orleans

Michael
    $100 14
Sodom

Michael
    $100 22
Charades

Rick
    $100 1
Alice Walker

Rick
    $200 8
Yen

Ron
    $200 7
Michael Jackson

Michael
    $200 13
Virginia

Michael
    $200 15
Goliath

Rick
    $200 23
baccarat

Michael
    $200 2
(Rick: Who is Ellison?)

H.G. Wells

RickMichael
    $300 9
Airports

Michael
    $300 29
Lynyrd Skynyrd

Michael
    $300 19
Honolulu

Rick
    $300 17
Ark of the Covenant

Triple Stumper
    $300 24
Jump It

Michael
    $300 3
Pearl S. Buck

Michael
    $1,000 10
Kyoto

Michael
    $400 16
Madonna

Michael
    $400 20
Smithsonian Institution

Rick
    $400 18
Mount Sinai

Ron
    $400 25
Blind Man's Bluff

Ron
    $400 4
Aleksandr Solzhenitsyn

Michael
    $500 11
cormorants

Ron
    $500 30
Lulu

Rick
    $500 21
Chicago

Michael
    $500 26
Noah

Michael
    $500 27
Knock

Michael
    $500 5
Candide

Michael

Scores at the first commercial break (after clue 15):

Rick Ron Michael
$200 $700 $3,300

Scores at the end of the Jeopardy! Round:

Rick Ron Michael
$1,500 $1,500 $6,100

Double Jeopardy! Round responses

THE 1750s
ART & ARTISTS
DESERTS
FOOD
INSECTS
FILM EPICS
    $200 11
Liberty Bell

Ron
    $200 2
Thames

Michael
    $200 16
Australia

Ron
    $200 26
France

Michael
    $200 21
Termites

Rick
    $200 7
"Reds"

Rick
    $400 12
George Washington

Michael
    $400 3
Lafayette

Michael
    $3,000 17
Gobi

Ron
    $400 27
Yellow

Michael
    $400 23
Beetle

Ron
    $400 1
(Rick: What is Rob Roy?)

Braveheart

RickMichael
    $600 13
Gregorian Calendar

Michael
    $600 4
Caravaggio

Michael
    $600 18
Mojave

Rick
    $500 28
(M: What is marble ham?)

Prosciutto

Michael
    $600 24
Fruit Flies

Michael
    $600 8
"The Ten Commandments"

Rick
    $800 14
Frederick the Great

Ron
    $800 5
Milan

Ron
    $800 19
Kalahari

Michael
    $800 29
Plantain

Michael
    $800 22
Gypsy Moth

Michael
    $800 9
"How the West Was Won"

Rick
    $1000 15
Calcutta

Ron
    $1000 6
Modigliani

Michael
    $1000 20
Atacama

Michael
    $1000 30
(ice cream) sundae

Triple Stumper
    $1000 25
Fungi

Michael
    $1000 10
El Cid

Michael

Scores at the end of the Double Jeopardy! Round:

Rick Ron Michael
$3,500 $7,900 $15,800
(lock-tie game)

[wagering suggestions for these scores]

Final Jeopardy! Round responses

THE CABINET
RickWhat is Agriculture?
$0
RonWhat is Dept. of Agriculture?
$7,900
MichaelWhat is Interior?
$0
Department of Agriculture

Final scores:

Rick Ron Michael
$3,500 $15,800 $15,800
2nd place: Sculpture plus Console Table New co-champion: $15,800 New co-champion: $15,800

Game dynamics:

Coryat scores:

Rick Ron Michael
$3,500 $5,300 $15,700
12 R,
2 W
11 R
(including 1 DD),
0 W
34 R
(including 1 DD),
1 W
(including 1 DD)

Combined Coryat: $24,500

[game clues] [game scores] [suggest correction]

Game tape date: 1995-12-13
The J! Archive is created by fans, for fans. Scraping, republication, monetization, and malicious use prohibited; this site may use cookies and collect identifying information. See terms. The Jeopardy! game show and all elements thereof, including but not limited to copyright and trademark thereto, are the property of Jeopardy Productions, Inc. and are protected under law. This website is not affiliated with, sponsored by, or operated by Jeopardy Productions, Inc. Join the discussion at JBoard.tv.